| 000 | 00563nam a22001577a 4500 | ||
|---|---|---|---|
| 003 | SGT | ||
| 020 | _a9788121916592 | ||
| 082 | _a543.19,SRI | ||
| 100 | _aSRIVASTAVA A.K. | ||
| 245 | _aINSTRUMENTAL APPROACH TO CHEMICAL ANALYSIS | ||
| 260 |
_aNEW DELHI _bS.CHAND _c 2013 |
||
| 300 | _a664 | ||
| 650 | _aANALYTICAL CHEMISTRY | ||
| 653 | _aERRORS,MEASUREMENTS AND RESULTS IN CHEMICAL ANALYSIS, SEPARATION METHODS, THERMAL METHODS OF ANALYSIS, ELECTROCHEMICAL METHODS OF ANALYSIS, SPECTRAL AND MAGNETIC METHODS, MISCELLANEOUS METHODS | ||
| 942 |
_2ddc _cFPS _04 |
||
| 999 |
_c9366 _d9366 |
||